Statistics for Countries of the World by Picture

Click here to take the quiz!

General Stats

  • This quiz has been taken 766 times
  • The average score is 66 of 196

Answer Stats

Answer% Correct
United States
99%
China
95%
Egypt
92%
Greece
92%
France
91%
Peru
91%
Japan
89%
Poland
87%
Cambodia
85%
Jordan
85%
Turkey
85%
Tanzania
84%
Australia
82%
Russia
82%
Saudi Arabia
82%
Croatia
81%
India
81%
Brazil
80%
Panama
79%
United Kingdom
78%
Germany
77%
United Arab Emirates
77%
Austria
76%
Canada
75%
Netherlands
74%
Chile
73%
Italy
71%
Monaco
71%
Mongolia
70%
Spain
70%
Vatican City
69%
Estonia
68%
Norway
68%
Malaysia
67%
Belgium
66%
Liechtenstein
65%
Ireland
64%
Venezuela
64%
New Zealand
63%
Denmark
62%
Kenya
62%
Ecuador
60%
Laos
59%
Vietnam
59%
Zimbabwe
59%
Madagascar
56%
Rwanda
56%
Syria
55%
Bhutan
53%
Israel
53%
Ukraine
53%
Bolivia
52%
Singapore
52%
South Korea
51%
Burkina Faso
50%
Serbia
50%
Myanmar
47%
Portugal
47%
Malawi
46%
Iceland
45%
Romania
45%
Taiwan
45%
Czechia
44%
Mali
44%
Kiribati
43%
Colombia
42%
Guatemala
42%
Mozambique
42%
Sudan
42%
Bosnia and Herzegovina
39%
Marshall Islands
39%
South Africa
38%
Yemen
38%
Mexico
36%
Namibia
36%
Bahamas
35%
Belize
35%
Hungary
35%
North Korea
35%
Slovenia
35%
Turkmenistan
35%
Iraq
34%
Iran
32%
Switzerland
32%
Albania
31%
Botswana
31%
Cape Verde
30%
Thailand
30%
Afghanistan
29%
Nepal
29%
San Marino
28%
Moldova
27%
Lebanon
26%
Sweden
26%
Brunei
25%
Indonesia
25%
Suriname
25%
Uzbekistan
24%
Azerbaijan
23%
Belarus
22%
Bulgaria
22%
El Salvador
22%
Morocco
22%
Niger
22%
Oman
22%
Uruguay
21%
Slovakia
20%
Democratic Republic of the Congo
19%
Kazakhstan
19%
Lithuania
19%
North Macedonia
19%
São Tomé and Príncipe
18%
Andorra
17%
Costa Rica
17%
Pakistan
17%
Ivory Coast
16%
Latvia
16%
Tuvalu
16%
Kosovo
15%
Libya
15%
Mauritania
15%
Senegal
15%
Tonga
15%
Tunisia
15%
Argentina
14%
Finland
14%
Malta
14%
Palau
14%
Paraguay
14%
Cyprus
13%
Djibouti
13%
Georgia
13%
Haiti
13%
Mauritius
13%
Micronesia
13%
Montenegro
13%
Antigua and Barbuda
12%
Ghana
12%
Guinea
12%
Saint Kitts and Nevis
12%
Sri Lanka
12%
Bahrain
11%
Kyrgyzstan
11%
Lesotho
11%
Philippines
11%
Solomon Islands
11%
Timor-Leste
11%
Zambia
11%
Angola
10%
Bangladesh
10%
Cuba
10%
Eswatini
10%
Tajikistan
10%
Algeria
9%
Benin
9%
Cameroon
9%
Eritrea
9%
Grenada
9%
Guyana
9%
Luxembourg
9%
Nauru
9%
Burundi
8%
Chad
8%
Ethiopia
8%
Kuwait
8%
Saint Vincent and the Grenadines
8%
Somalia
8%
Togo
8%
Vanuatu
8%
Armenia
7%
Dominica
7%
Jamaica
7%
Maldives
7%
Qatar
7%
Saint Lucia
7%
Seychelles
7%
Sierra Leone
7%
Uganda
7%
Equatorial Guinea
6%
Fiji
6%
Liberia
6%
Nigeria
6%
Papua New Guinea
6%
Republic of the Congo
6%
Samoa
6%
South Sudan
6%
Trinidad and Tobago
6%
Barbados
5%
Central African Republic
5%
Comoros
5%
Dominican Republic
5%
Gabon
5%
Gambia
5%
Honduras
5%
Nicaragua
5%
Guinea Bissau
4%

Score Distribution

Percentile by Number Answered

Percent of People with Each Score

Your Score History

You have not taken this quiz